000 00543nam a2200217Ia 4500
003 OSt
005 20220924134022.0
006 a|||||r|||| 00| 0
007 ta
008 220923b |||||||| |||| 00| 0 snd d
024 _a271807
037 _cTextual
040 _aARTS
_cARTS
_bsnd
041 _2snd
_asnd
082 _aO152,3M88,RR, 1593K6
100 _aChander
_961839
245 0 _aRajputani Ran Mahal
260 _c1966
942 _hO152,3M88,RR, 1593K6
_cTEXL
_2CC
999 _c436153
_d436153